[Event "Challenge"]
[Site "http://www.queenalice.com/game.php?id=1207926"]
[Date "2013.8.14"]
[Round "-"]
[White "david_kasparov"]
[Black "tche_elvio"]
[Result "1-0"]
[WhiteElo "1692"]
[BlackElo "1550"]

1. e4 e5 2. Nf3 Nf6 3. Nxe5 Nxe4 4. Qf3 Nf6 5. d4 Qe7 6. Bg5 Nc6 7. d5 Nxe5 8.
Qe2 d6 9. h3 h6 10. Bxf6 Qxf6 11. Nc3 Bd7 12. O-O-O a6 13. g3 O-O-O 14. h4 Qf3
15. Qxf3 Nxf3 16. Bg2 Ne5 17. f4 Ng6 18. h5 Ne7 19. a3 Nf5 20. g4 Ne3 21. Rd2
Nxg2 22. Rxg2 f5 23. g5 hxg5 24. Rxg5 Be7 25. Rxg7 Bf6 26. Rg6 Bxc3 27. bxc3 b5
28. h6 Kb7 29. h7 c6 30. Rg7 Kc7 31. Rhg1 cxd5 32. R1g6 Kc6 33. Rg8 Rdxg8 34.
hxg8=Q Rxg8 35. Rxg8 Kc7 36. Kb2 a5 37. Kb3 a4+ 38. Kb4 Kc6 39. Ra8 Kb7 40. Rd8
Kc7 41. Rxd7+ Kxd7 42. Kxb5 Kc7 43. Kxa4 Kb6 44. Kb4 Kc6 45. a4 Kb6 46. a5+ Ka6
47. c4 dxc4 48. Kxc4 Kxa5 49. Kd5 1-0

[Event "Challenge"]
[Site "http://www.queenalice.com/game.php?id=1208293"]
[Date "2013.8.15"]
[Round "-"]
[White "david_kasparov"]
[Black "wiltonmonteiro91"]
[Result "1/2-1/2"]
[WhiteElo "1674"]
[BlackElo "1287"]

1. e4 e6 2. Nf3 c6 3. d4 b5 4. c3 h6 5. b4 a5 6. Ne5 d6 7. Nf3 axb4 8. cxb4 d5
9. exd5 Bxb4+ 10. Bd2 Qa5 11. dxc6 Nxc6 12. Bxb4 Qxb4+ 13. Qd2 Bb7 14. Nc3 Nge7
15. Bxb5 O-O 16. O-O Na5 17. Rab1 Qd6 18. Be2 Bxf3 19. Bxf3 Nc4 20. Qd3 Na3 21.
Bxa8 Nxb1 22. Rxb1 Rxa8 23. Qe4 Rd8 24. Nb5 Qd5 25. Qxd5 Nxd5 26. a4 Ra8 27. Ra1
Kf8 28. f4 Nxf4 29. a5 Ke7 30. a6 Kd7 31. Kf2 Kc6 32. Nc3 Kb6 33. Kf3 Nd3 34.
Ra3 Nb4 35. a7 Rxa7 36. Rxa7 Kxa7 37. Nb5+ Kb7 38. Nd6+ Kc6 39. Nxf7 Kd5 40. Nd8
Nc2 41. g4 Nxd4+ 42. Kf4 e5+ 43. Ke3 Nc2+ 44. Kd2 Nd4 45. Ke3 e4 46. h4 Ke5 47.
Nf7+ Kd5 48. h5 Ne6 49. Nh8 Ng5 50. Ng6 Ke6 51. Nf4+ Ke5 52. Ng6+ Kd5 53. Nf4+
Ke5 54. Ne2 Kf6 55. Kf4 g6 56. hxg6 Kxg6 57. Nc3 h5 58. gxh5+ Kxh5 59. Nxe4 Nxe4
60. Kxe4 Kg4 61. Ke5 Kf3 62. Kf5 Ke3 63. Ke5 Kd3 64. Kd5 Kc3 65. Kc5 Kb3 66. Kd4
Kb4 67. Kd3 Kb5 68. Kd4 Kc6 69. Ke5 Kc5 70. Ke4 Kb6 71. Kd5 Ka5 72. Kc5 Ka6 73.
Kc6 Ka5 74. Kc5 Ka4 75. Kc4 Ka3 76. Kc3 Ka2 77. Kc2 Ka3 78. Kc3 Ka2 79. Kc2 Ka3
80. Kc3 Ka2 81. Kc2 Ka3 82. Kc3 Ka4 83. Kb2 Ka5 84. Kc2 Ka4 85. Kd2 Ka3 86. Ke2
Ka4 87. Kf3 Ka3 88. Kf4 Ka4 89. Kg5 Kb3 90. Kf6 Kb4 91. Kg7 Ka3 92. Kf8 Kb3 93.
Kf7 Ka2 94. Kf8 Kb2 95. Kg8 Kb3 96. Kh8 Ka3 97. Kh7 Kb3 98. Kg6 Kb4 99. Kg5 Kb5
100. Kg4 Kb6 101. Kf3 Kb5 102. Kf2 Kb6 103. Kf3 Kb5 104. Ke3 Kb4 105. Ke4 Kb5
106. Ke5 Kb6 107. Kd4 Kc6 108. Kc4 Kb7 109. Kb4 Kc6 110. Kc4 Kd6 111. Kd4 Kc6
112. Kc4 Kb6 113. Kb4 Kc6 114. Kc4 Kb7 115. Kb4 Kb6 116. Kc4 Ka7 117. Kb4 Kb6
118. Ka4 Ka6 119. Ka3 Kb5 120. Kb3 Ka6 121. Ka4 Kb6 122. Kb4 1/2-1/2

[Event "Challenge"]
[Site "http://www.queenalice.com/game.php?id=1208294"]
[Date "2013.8.15"]
[Round "-"]
[White "david_kasparov"]
[Black "miguelvotrejr"]
[Result "1-0"]
[WhiteElo "1702"]
[BlackElo "1704"]

1. e4 c5 2. Bc4 e6 3. Nf3 a6 4. O-O Nc6 5. Nc3 g6 6. d3 Bg7 7. Bg5 Nf6 8. e5 Ng4
9. Bxd8 Nxd8 10. h3 Nxe5 11. Re1 Nxf3+ 12. Qxf3 b5 13. Qxa8 Bb7 14. Qb8 Bxc3 15.
bxc3 bxc4 16. dxc4 Ke7 17. Rad1 1-0

[Event "Challenge"]
[Site "http://www.queenalice.com/game.php?id=1208295"]
[Date "2013.8.15"]
[Round "-"]
[White "david_kasparov"]
[Black "Herivelto"]
[Result "0-1"]
[WhiteElo "1671"]
[BlackElo "1912"]

1. e4 c5 2. Bc4 d6 3. Nc3 Nf6 4. h3 Nc6 5. Bb5 Bd7 6. Bxc6 Bxc6 7. Nf3 Nxe4 8.
O-O e6 9. Re1 Nxc3 10. dxc3 Be7 11. b4 Bf6 12. Bb2 c4 13. a4 a6 14. Nd4 Bd7 15.
b5 axb5 16. axb5 Rxa1 17. Qxa1 e5 18. Qa4 O-O 19. Nf3 Qb6 20. Qxc4 Bxb5 21. Qd5
Bc6 22. Qb3 Qa7 23. Ra1 Qc5 24. Ba3 Qa5 25. Nd2 d5 26. Qb2 Ra8 27. Nb3 Qb5 28.
Bb4 Rxa1+ 29. Qxa1 b6 30. Qa7 d4 31. c4 Qxb4 32. c5 bxc5 33. Nxc5 h6 34. Nd3
Qb1+ 35. Kh2 Qxc2 36. Nb4 Qc1 37. Qa6 Qf4+ 38. Kg1 Be4 39. f3 Qe3+ 40. Kh2 Qf4+
41. Kg1 Bf5 42. Nd5 Qc1+ 43. Kh2 Bh4 44. Qb7 Be6 45. Nc7 Bf5 46. Nd5 Be6 47. Nc7
Bc4 48. Qc6 Qf4+ 49. Kg1 Bb3 50. Ne8 d3 51. Qb5 Bc2 52. Nd6 Qc1+ 53. Kh2 Qe1 54.
Ne4 d2 55. Nc3 Bg3# 0-1

[Event "Challenge"]
[Site "http://www.queenalice.com/game.php?id=1208850"]
[Date "2013.8.16"]
[Round "-"]
[White "david_kasparov"]
[Black "PedroBritto"]
[Result "1-0"]
[WhiteElo "1677"]
[BlackElo "1571"]

1. e4 e5 2. Nf3 Nc6 3. Bb5 a6 4. Bxc6 dxc6 5. Nxe5 Qf6 6. d4 c5 7. Nf3 cxd4 8.
e5 Qf5 9. O-O f6 10. Re1 fxe5 11. Rxe5+ Qxe5 12. Nxe5 Be6 13. Qxd4 Rd8 14. Qxd8+
Kxd8 15. f4 Nf6 16. f5 Bxf5 17. Nf7+ Ke8 18. Nxh8 Bc5+ 19. Kf1 Bxc2 20. Nc3 Bd3+
21. Ke1 Ng4 22. Bf4 Bf2+ 23. Kd2 Bc4 24. Rc1 Ba7 25. Ne4 Bxa2 26. Rxc7 Bd4 27.
Bg5 Be5 28. h3 Bxc7 29. hxg4 Kf8 30. Nc5 Bd5 31. Kd3 Kg8 32. Kd4 Bxg2 33. Ne6
Bb6+ 34. Ke5 Kxh8 35. Nf4 Bc7+ 36. Kf5 Kg8 37. Nxg2 g6+ 38. Ke6 Kf8 39. Kd7 Bg3
40. Bf4 Bf2 41. Be3 Bg3 42. Kc8 b5 43. Kb7 a5 44. Kb6 b4 45. Kxa5 Bd6 46. Bf4
Be7 47. Ne3 Kf7 48. Nd5 g5 49. Bd2 Bd6 50. Bxb4 Bxb4+ 51. Nxb4 h5 52. gxh5 g4
53. Nd3 Kg7 54. b4 g3 55. Nf4 Kh6 56. b5 Kg5 57. Ng2 Kxh5 58. b6 Kg4 59. b7 Kh3
60. Ne3 g2 61. Nxg2 Kxg2 62. b8=Q Kf3 63. Kb4 Ke4 64. Kc4 Ke3 65. Qd8 Ke4 66.
Qd4+ Kf5 67. Kd5 Kg6 68. Ke6 Kg5 69. Qf2 Kg4 70. Kf6 Kh3 71. Qg1 Kh4 72. Kf5 Kh3
73. Kf4 Kh4 74. Qg4# 1-0

[Event "Challenge"]
[Site "http://www.queenalice.com/game.php?id=1208853"]
[Date "2013.8.16"]
[Round "-"]
[White "david_kasparov"]
[Black "antoniozla"]
[Result "1-0"]
[WhiteElo "1662"]
[BlackElo "1412"]

1. e4 e5 2. Nf3 Nc6 3. Bb5 d6 4. Bxc6+ bxc6 5. h3 Bb7 6. O-O Nf6 7. d3 h6 8. Re1
Be7 9. d4 exd4 10. Qxd4 c5 11. Qc4 Qc8 12. Nc3 Ba6 13. Qa4+ Nd7 14. e5 O-O 15.
exd6 cxd6 16. Rxe7 Nb6 17. Qf4 Bc4 18. Qg3 Be6 19. Bxh6 g6 20. Bxf8 Qxf8 21. Qg5
Nc8 22. Rb7 Nb6 23. Nb5 Bf5 24. c4 Nxc4 25. b3 Qg7 26. Re1 Ne5 27. Nxe5 1-0

[Event "Challenge"]
[Site "http://www.queenalice.com/game.php?id=1208854"]
[Date "2013.8.16"]
[Round "-"]
[White "david_kasparov"]
[Black "vangogh"]
[Result "1-0"]
[WhiteElo "1668"]
[BlackElo "1382"]

1. e4 e5 2. Nf3 Nc6 3. Bb5 Nd4 4. Bc4 Nf6 5. Nc3 Bc5 6. Nxe5 d6 7. Nxf7 Ke7 8.
Nxd8 Rxd8 9. d3 b5 10. Bxb5 Nxb5 11. Nxb5 Ng4 12. d4 Bb6 13. Bg5+ Ke8 14. Bxd8
Kxd8 15. h3 Nf6 16. e5 Nd5 17. Qf3 c6 18. Nxd6 Bxd4 19. O-O-O Bxe5 20. Nf7+ Kc7
21. Nxe5 Rb8 22. Qf7+ Kd8 23. Nxc6# 1-0

[Event "Challenge"]
[Site "http://www.queenalice.com/game.php?id=1208856"]
[Date "2013.8.16"]
[Round "-"]
[White "david_kasparov"]
[Black "Camy"]
[Result "1-0"]
[WhiteElo "1649"]
[BlackElo "1509"]

1. e4 e5 2. Nf3 Nf6 3. Bc4 Qe7 4. Nc3 Nc6 5. O-O d6 6. h3 Be6 7. Bb5 a6 8. Bxc6+
bxc6 9. d3 Nh5 10. g4 Nf4 11. Bxf4 exf4 12. Re1 Qf6 13. e5 Qg6 14. Kh2 Bd5 15.
Nxd5 cxd5 16. exd6+ Kd8 17. Qe2 Bxd6 18. Rad1 Re8 19. Qxe8# 1-0

[Event "Challenge"]
[Site "http://www.queenalice.com/game.php?id=1209585"]
[Date "2013.8.19"]
[Round "-"]
[White "david_kasparov"]
[Black "thigo"]
[Result "1-0"]
[WhiteElo "1660"]
[BlackElo "1533"]

1. e4 e5 2. Nf3 Nf6 3. Nxe5 Bc5 4. d4 Bb6 5. Bg5 h6 6. Bxf6 Qxf6 7. Nf3 d6 8. h3
Nc6 9. Bb5 Bd7 10. Bxc6 Bxc6 11. d5 Bb5 12. Nc3 Ba5 13. Qd2 c6 14. dxc6 bxc6 15.
a3 d5 16. exd5 O-O 17. b4 Rfe8+ 18. Kd1 Bb6 19. Kc1 a5 20. Rb1 axb4 21. axb4 Ra3
22. Nxb5 cxb5 23. Rd1 Ra1 24. c3 Rea8 25. Kc2 R8a2+ 26. Rb2 Bc7 27. Kb3 Ra3+ 28.
Kc2 Qf5+ 29. Qd3 g6 30. Qxf5 gxf5 31. d6 Bb6 32. d7 Rxd1 33. Kxd1 Ra8 34. Rd2 f6
35. Nh4 f4 36. Rd6 Rd8 37. Rxb6 Rxd7+ 38. Kc2 Rd5 39. Ng6 Kg7 40. Nxf4 Re5 41.
Kb3 Re4 42. g3 Re1 43. Rxb5 Rg1 44. g4 Rf1 45. Rb7+ Kf8 46. b5 Rxf2 47. Ng6+ Ke8
48. Ra7 Rh2 49. b6 Kd8 50. b7 Kc7 51. Nf4 Rf2 52. Nd3 Rf3 53. Nc5 Kb8 54. Ra8+
Kc7 55. b8=Q+ Kc6 56. Qb7+ Kxc5 57. Qxf3 h5 58. gxh5 f5 59. Qxf5+ Kd6 60. Ra6+
Ke7 61. Qh7+ Kf8 62. Ra8# 1-0

[Event "AUTO-INT-2706"]
[Site "http://www.queenalice.com/game.php?id=1209637"]
[Date "2013.8.20"]
[Round "1"]
[White "marconilho"]
[Black "david_kasparov"]
[Result "0-1"]
[WhiteElo "1711"]
[BlackElo "1659"]

1. e4 e5 2. Nc3 a6 3. Nf3 Nc6 4. Bc4 Nf6 5. d3 h6 6. Bd2 Bc5 7. Qe2 d6 8. a3 O-O
9. Ba2 Bg4 10. O-O-O Re8 11. h3 Bxf3 12. Qxf3 Nd4 13. Qg3 Kf8 14. h4 b5 15. Nb1
Ne2# 0-1

[Event "AUTO-INT-2706"]
[Site "http://www.queenalice.com/game.php?id=1209638"]
[Date "2013.8.20"]
[Round "1"]
[White "david_kasparov"]
[Black "marconilho"]
[Result "0-1"]
[WhiteElo "1689"]
[BlackElo "1713"]

1. e4 e5 2. Nf3 Nc6 3. Bb5 Qe7 4. d3 Nf6 5. O-O a6 6. Bxc6 dxc6 7. h3 Bd7 8. Re1
h6 9. Nc3 g5 10. g4 Bg7 11. d4 O-O-O 12. dxe5 Nh7 13. Qd4 Bxg4 14. Qe3 Bxh3 15.
Kh2 Qe6 16. Ng1 Bxe5+ 17. Kh1 g4 18. f4 Bf6 19. f5 Qe5 20. Qf4 Qd4 21. Be3 Bg5
22. Bxd4 Bxf4 23. Bxh8 Rxh8 24. Nce2 Be5 25. c3 Ng5 26. Nd4 c5 27. Nc2 Rd8 28.
Ne3 Rd2 29. Nxh3 Rh2+ 30. Kg1 Nxh3+ 31. Kf1 Rf2# 0-1

[Event "AUTO-INT-2706"]
[Site "http://www.queenalice.com/game.php?id=1209649"]
[Date "2013.8.20"]
[Round "1"]
[White "Epilos"]
[Black "david_kasparov"]
[Result "0-1"]
[WhiteElo "1518"]
[BlackElo "1673"]

1. e4 e5 2. Nf3 d6 3. Bc4 Nf6 4. Nc3 Bg4 5. Nxe5 Bxd1 6. Bxf7+ Ke7 7. Nd5+ Nxd5
8. exd5 dxe5 9. Be6 Bh5 10. O-O Bf7 11. Bxf7 Kxf7 12. c4 c6 13. dxc6 Nxc6 14. d3
Qxd3 15. b3 Rd8 16. Be3 Nd4 17. Rfd1 Ne2+ 18. Kh1 Qxd1+ 19. Rxd1 Rxd1# 0-1

[Event "AUTO-INT-2706"]
[Site "http://www.queenalice.com/game.php?id=1209650"]
[Date "2013.8.20"]
[Round "1"]
[White "david_kasparov"]
[Black "Epilos"]
[Result "1-0"]
[WhiteElo "1683"]
[BlackElo "1508"]

1. e4 e5 2. Nf3 Nc6 3. Bb5 Nf6 4. d3 Bc5 5. O-O a6 6. Bxc6 dxc6 7. h3 Be6 8.
Nxe5 Bd4 9. Nf3 Ba7 10. Bg5 h6 11. Bxf6 Qxf6 12. Re1 Qxb2 13. Nbd2 Bxa2 14. Nc4
Bxc4 15. dxc4 Qb6 16. Re2 O-O 17. Rb1 Qc5 18. Rxb7 Qxc4 19. Rxc7 Rfd8 20. Rd2
Rxd2 21. Qxd2 Qxe4 22. Rd7 Bc5 23. Rd8+ Rxd8 24. Qxd8+ Kh7 25. Qd7 Qe1+ 26. Nxe1
1-0

[Event "AUTO-INT-2706"]
[Site "http://www.queenalice.com/game.php?id=1209655"]
[Date "2013.8.20"]
[Round "1"]
[White "kasparosaure"]
[Black "david_kasparov"]
[Result "1-0"]
[WhiteElo "1795"]
[BlackElo "1660"]

1. d4 Nc6 2. Nf3 d5 3. c3 h6 4. Bf4 Bg4 5. Nbd2 Nf6 6. e3 e6 7. Bd3 a6 8. O-O
Bd6 9. Bg3 Bxg3 10. fxg3 O-O 11. Rc1 Re8 12. Qc2 Bxf3 13. gxf3 e5 14. b4 exd4
15. exd4 Qd7 16. Bf5 Qd6 17. Rce1 Re7 18. f4 Rae8 19. Nf3 g6 20. Bd3 Kg7 21. Ne5
Nd7 22. Re2 Ncxe5 23. fxe5 Qe6 24. Qb3 b5 25. Ref2 c6 26. a4 Nf8 27. Rf6 Qg4 28.
Rxc6 Qg5 29. Kh1 Qe3 30. Qd1 Nh7 31. Rf3 Qg5 32. Rxa6 f6 33. exf6+ Nxf6 34. Rf1
Ng4 35. Rxg6+ Qxg6 36. Bxg6 Kxg6 37. Qxg4+ Kh7 38. axb5 Rb7 39. Rf6 Ra7 40. Qg6+
Kh8 41. Qxe8+ Kh7 42. Rf7+ Rxf7 43. Qxf7+ Kh8 44. Qe7 h5 45. b6 h4 46. b7 hxg3
47. b8=R# 1-0

[Event "AUTO-INT-2706"]
[Site "http://www.queenalice.com/game.php?id=1209656"]
[Date "2013.8.20"]
[Round "1"]
[White "david_kasparov"]
[Black "kasparosaure"]
[Result "0-1"]
[WhiteElo "1690"]
[BlackElo "1733"]

1. e4 d5 2. exd5 Qxd5 3. Nc3 Qd8 4. h3 Nf6 5. Nf3 c6 6. d4 Bf5 7. Bd3 Bxd3 8.
Qxd3 e6 9. a3 Nbd7 10. Bg5 Be7 11. Bxf6 Nxf6 12. O-O-O O-O 13. Ng5 h6 14. Nf3
Qa5 15. g4 Nd5 16. Nxd5 cxd5 17. Ne5 Bg5+ 18. Kb1 Qa4 19. h4 Be7 20. h5 Rac8 21.
Nf3 Rc6 22. g5 Rfc8 23. c3 Rb6 24. Kc1 Bxa3 25. bxa3 Qxa3+ 26. Kd2 Rb2+ 27. Ke3
Rxc3 28. Ra1 Rxd3+ 29. Kf4 Rxf3+ 30. Ke5 Re2# 0-1

[Event "Challenge"]
[Site "http://www.queenalice.com/game.php?id=1210285"]
[Date "2013.8.21"]
[Round "-"]
[White "david_kasparov"]
[Black "antoniozla"]
[Result "0-1"]
[WhiteElo "1718"]
[BlackElo "1426"]

1. e4 e5 2. Nf3 Nc6 3. Bb5 Bd6 4. Nc3 a6 5. Bxc6 bxc6 6. O-O Nf6 7. d3 h6 8. Re1
O-O 9. a3 Re8 10. d4 Bb7 11. dxe5 Bxe5 12. Bd2 d5 13. exd5 Bxc3 14. Rxe8+ Qxe8
15. Bxc3 cxd5 16. Qd2 Qe6 17. Re1 Qf5 18. Qe3 Re8 19. Qa7 Rxe1+ 20. Bxe1 Bc8 21.
Qxc7 Ng4 22. Nd4 Qd7 23. Qg3 Qa4 24. c3 Qd1 25. Kf1 a5 26. Nc6 Ba6+ 27. c4 Bxc4+
28. Kg1 Qxe1# 0-1

[Event "Challenge"]
[Site "http://www.queenalice.com/game.php?id=1222898"]
[Date "2013.10.7"]
[Round "-"]
[White "david_kasparov"]
[Black "vangogh"]
[Result "1-0"]
[WhiteElo "1665"]
[BlackElo "1446"]

1. e4 e5 2. Nf3 Qf6 3. Nc3 Bb4 4. a3 Bxc3 5. dxc3 Nc6 6. Bc4 h6 7. O-O Nge7 8.
Be3 d6 9. h3 g5 10. Nh2 Na5 11. Bb5+ c6 12. Be2 d5 13. exd5 cxd5 14. b4 Nac6 15.
Bb5 O-O 16. Ng4 Qf5 17. Nxh6+ Kg7 18. Nxf5+ Nxf5 19. Qxd5 Be6 20. Qf3 Nd8 21.
Bxg5 a6 22. Bd3 Nd6 23. Bf6+ Kh6 24. Qe3+ Kh5 25. Qg5# 1-0

[Event "Challenge"]
[Site "http://www.queenalice.com/game.php?id=1222900"]
[Date "2013.10.7"]
[Round "-"]
[White "david_kasparov"]
[Black "ANGELOAZZURRO"]
[Result "0-1"]
[WhiteElo "1666"]
[BlackElo "1505"]

1. e4 e5 2. Nf3 f6 3. a3 Bc5 4. Nc3 d6 5. h3 Nc6 6. Bb5 a6 7. Bxc6+ bxc6 8. O-O
Be6 9. d3 Nh6 10. Bd2 Rb8 11. Qc1 Bd4 12. Nxd4 exd4 13. Ne2 d5 14. exd5 Bxd5 15.
Nxd4 Qd6 16. Bxh6 gxh6 17. Qxh6 Qf8 18. Qxf8+ Kxf8 19. c4 Bf7 20. Nxc6 Rxb2 21.
Rab1 Rd2 22. Rb8+ Kg7 23. Rfb1 Rxd3 24. Rxh8 Kxh8 25. Ne7 Bxc4 26. Nf5 Rd8 27.
Rb7 Be6 28. Nh6 c5 29. Rc7 c4 30. f4 Rd3 31. f5 Rd1+ 32. Kf2 Bd5 33. Ra7 c3 34.
Rc7 Rc1 35. Ng4 Be4 36. Nxf6 Bxf5 37. g4 Bg6 38. h4 c2 39. Ke2 Rd1 40. h5 Bd3+
41. Ke3 c1=Q+ 42. Rxc1 Rxc1 43. Kxd3 Ra1 44. Ke4 Rxa3 45. Kf5 Ra5+ 46. Kf4 Rb5
47. h6 a5 48. g5 a4 49. Ne4 Rb4 50. Kf5 a3 51. Nc3 Rb2 52. g6 hxg6+ 53. Kxg6 Rb3
54. Na2 Rb2 55. Nc1 Rb1 56. Na2 Ra1 57. Nc3 Rg1+ 58. Kh5 Rg3 59. Na2 Rh3+ 60.
Kg6 Kg8 61. Nc1 Rh1 62. Na2 Ra1 63. Nc3 a2 64. Nxa2 Rxa2 65. Kg5 Rh2 66. Kg6
Rg2+ 67. Kh5 Kh7 68. Kh4 Kxh6 69. Kh3 Rg5 70. Kh4 Rg6 71. Kh3 Kh5 72. Kh2 Kh4
73. Kh1 Kg3 74. Kg1 Rf6 75. Kh1 Rf1# 0-1

[Event "Challenge"]
[Site "http://www.queenalice.com/game.php?id=1247967"]
[Date "2014.1.14"]
[Round "-"]
[White "david_kasparov"]
[Black "Admilton"]
[Result "1-0"]
[WhiteElo "1652"]
[BlackElo "1436"]

1. e4 Nc6 2. Bb5 e5 3. Bxc6 bxc6 4. Nf3 d6 5. h3 c5 6. c4 h6 7. O-O Nf6 8. Nc3
Bb7 9. d3 c6 10. Bd2 d5 11. Nxe5 Bd6 12. Nf3 dxe4 13. dxe4 Qe7 14. Re1 Be5 15.
Qb3 Bxc3 16. Bxc3 Bc8 17. e5 Nd7 18. Re2 Qe6 19. Rd1 Rb8 20. Qa4 a6 21. Rd6 1-0

[Event "Challenge"]
[Site "http://www.queenalice.com/game.php?id=1248273"]
[Date "2014.1.15"]
[Round "-"]
[White "david_kasparov"]
[Black "constantin"]
[Result "1-0"]
[WhiteElo "1670"]
[BlackElo "1805"]

1. e4 e5 2. Nf3 Nc6 3. Bb5 Nge7 4. d3 Nd4 5. Nc3 c6 6. Ba4 Nxf3+ 7. Qxf3 Ng6 8.
Bb3 f6 9. a3 Qe7 10. O-O d6 11. h3 Be6 12. Bxe6 Qxe6 13. Re1 h5 14. Kh1 Nh4 15.
Qg3 g5 16. f3 Ng6 17. Bd2 h4 18. Qf2 Bg7 19. Nd1 Bf8 20. c4 b6 21. b4 Bh6 22. a4
O-O 23. b5 c5 24. Rg1 f5 25. Kh2 f4 26. Nc3 Ne7 27. a5 Rfb8 28. a6 Kh7 29. Qe2
Rd8 30. Ra4 Rd7 31. Nd5 Nxd5 32. exd5 Qf5 33. Bc3 Bg7 34. Raa1 Bf6 35. Rae1 Re8
36. Qd2 Ree7 37. Re2 Bg7 38. Rge1 Re8 39. d4 Rde7 40. dxe5 Bxe5 41. Bxe5 Rxe5
42. Kh1 Rxe2 43. Rxe2 Qb1+ 44. Kh2 Rxe2 45. Qxe2 Qg6 46. Qe7+ Qg7 47. Qxd6 Kg8
48. Qb8+ Kh7 49. d6 Qd7 50. Qc7 1-0

[Event "Challenge"]
[Site "http://www.queenalice.com/game.php?id=1248274"]
[Date "2014.1.15"]
[Round "-"]
[White "david_kasparov"]
[Black "Admilton"]
[Result "1-0"]
[WhiteElo "1644"]
[BlackElo "1444"]

1. e4 Nc6 2. Bb5 e5 3. Nf3 d6 4. h3 Bd7 5. Bxc6 Bxc6 6. Nc3 Nf6 7. d3 d5 8. Nxe5
d4 9. Nxc6 bxc6 10. Ne2 c5 11. Bg5 Be7 12. O-O h6 13. Bxf6 Bxf6 14. c3 O-O 15.
cxd4 Bxd4 16. Rb1 a5 17. b3 Ra6 18. Qc2 Qe7 19. Rfe1 1-0

[Event "Challenge"]
[Site "http://www.queenalice.com/game.php?id=1248275"]
[Date "2014.1.15"]
[Round "-"]
[White "david_kasparov"]
[Black "signifer"]
[Result "1-0"]
[WhiteElo "1659"]
[BlackElo "1531"]

1. e4 c6 2. Bc4 e6 3. Nf3 d5 4. exd5 cxd5 5. Bb5+ Bd7 6. Bxd7+ Qxd7 7. d4 Bb4+
8. Bd2 Bxd2+ 9. Nbxd2 Nf6 10. O-O Nc6 11. Re1 O-O 12. Nb3 Rfe8 13. Nc5 Qd6 14.
Nxb7 Qb8 15. Nc5 Qxb2 16. Qb1 Qxb1 17. Raxb1 Rab8 18. c3 Rxb1 19. Rxb1 h6 20. h3
Ne4 21. Nxe4 dxe4 22. Nd2 Rc8 23. Nxe4 f5 24. Nd6 Rd8 25. Nb7 Rb8 26. Rb3 a5 27.
Nxa5 Rxb3 28. Nxb3 Kf8 29. f4 Ke7 30. Kf2 Kd6 31. Ke3 Kd5 32. Kd3 g5 33. fxg5
hxg5 34. g4 f4 35. c4+ Kd6 36. Ke4 e5 37. dxe5+ Nxe5 38. c5+ Ke6 39. a4 f3 40.
Nd4+ 1-0

[Event "Rematch"]
[Site "http://www.queenalice.com/game.php?id=1277604"]
[Date "2014.4.30"]
[Round "-"]
[White "constantin"]
[Black "david_kasparov"]
[Result "0-1"]
[WhiteElo "1758"]
[BlackElo "1691"]

1. e4 e5 2. Nf3 d6 3. Bc4 Nf6 4. Ng5 d5 5. exd5 Nxd5 6. d3 Be7 7. Nf3 Bg4 8. O-O
O-O 9. h3 Bxf3 10. Qxf3 c6 11. Bxd5 Qxd5 12. Qg3 Bf6 13. Nc3 Qd7 14. Ne4 Qe6 15.
Nc5 Qe7 16. Ne4 Nd7 17. Re1 h6 18. Bxh6 Kh8 19. Be3 Rfe8 20. Qg4 Nf8 21. Bc5 Qe6
22. Qh5+ Nh7 23. Re3 b6 24. Ba3 c5 25. Rg3 g6 26. Qf3 Bh4 27. Rg4 Be7 28. b3 f5
29. Bb2 fxg4 30. hxg4 Rf8 31. Qg3 Kg8 32. f3 Ng5 33. Bxe5 Nxe4 34. dxe4 Bf6 35.
Bxf6 Qxf6 36. Qe1 Rad8 37. c4 Kg7 38. a4 a5 39. Rb1 g5 40. Qg3 Qd4+ 41. Qf2 Qd3
42. Qg3 Qxb1+ 43. Kf2 Rd2+ 0-1